000 00902nam a2200277 a 4500
001 BRL_967
005 20190320210955.0
008 291013s1998----mx-ao#####---#000-0#spa-#
020 _a9687009802
041 _aspa
044 _amx
050 4 _aNK844
_b.G73 1998
245 1 0 _aGrandes maestros del arte popular mexicano
_cfotografía Lourdes Almeida ... [et al.].
260 _aMéxico
_bFomento Cultural Banamex
_c1998
300 _a551 p.
_bil. a color, fotografías
_c33 cm.
_e+ 1 directorio de artesanos
500 _aAu1146
500 _aIncluye índice de alfabético de artesanos
500 _aEstado físico : cubierta desprendida del lomo
504 _aBibliografía : p. 544-545
650 1 4 _aArte popular
_zMéxico
_9882
650 1 4 _aArtesanías
_zMéxico
_93976
650 1 4 _aArtesanos
_zMéxico
_9426
700 1 _aAlmeida, Lourdes
_eil.
_925467
902 _aGRL
942 _2lcc
_cB
999 _c9779
_d9779